| 000 | 00643nam a22001695i 4500 | ||
|---|---|---|---|
| 001 | 68750 | ||
| 003 | ES-MaACL | ||
| 007 | t| | ||
| 008 | 960828s1878 sp ||||1| spa d | ||
| 040 |
_aCAM _bspa _cCAM |
||
| 110 | 2 |
_aInstituto Provincial de Segunda Enseñanza de Pamplona. _95224 |
|
| 245 | 1 | 0 |
_aMemoria del Instituto Provincial de Segunda Enseñanza de Pamplona leida en el acto de apertura del curso académico de 1878 a 1879 / _cpor José Gil Sanz. |
| 260 |
_aPamplona : _b[s.n.], _c1878 ( _fImprenta Provincial a cargo de V. Cantera) |
||
| 300 |
_a47 p. ; _c22 cm. |
||
| 700 | 1 |
_aGil Sanz, José. _956876 |
|
| 852 |
_aES-MaACL _jT-314-F-4 |
||
| 999 |
_c68750 _d68750 |
||